Estructuras y funciones del discurso : una introducción interdisciplinaria a la lingüística del texto y a los estudios del discurso /

Guardado en:
Autor Principal: Dijk, Teun A. Van
Formato: Libro
Publicado: Mexico : Siglo Xxi, 1980
Materias:
Etiquetas: Agregar Etiqueta
Sin Etiquetas, Sea el primero en etiquetar este registro!
LEADER 00689nam a22002055a 4500
001 EHU.bham004607
003 AR-BHAM
005 20090623161848.0
008 130507s1980##################000#0#####d
020 |a 9682309573 
082 4 0 |a 401.41 
100 1 |a Dijk, Teun A. Van 
245 1 0 |a Estructuras y funciones del discurso :  |b una introducción interdisciplinaria a la lingüística del texto y a los estudios del discurso /  |c Teun A. Van Dijk. 
260 |a Mexico :  |b Siglo Xxi,  |c 1980 
300 |a 161 p. 
653 |a Etimologia 
653 |a SociolingÜÍstica 
653 |a Estudios del discurso 
653 |a DonaciÓn llull 
859 |a AR-BHAM  |b BIB. HUMANIDADES - General  |h 401.41  |i D576  |p 90.86  |t Ej.1